De acá y de allá : (Registro nro. 6477)
[ vista simple ]
| 000 -LEADER | |
|---|---|
| fixed length control field | 01296nam a22002777a 4500 |
| 003 - CONTROL NUMBER IDENTIFIER | |
| control field | OSt |
| 005 - DATE AND TIME OF LATEST TRANSACTION | |
| control field | 20250702101357.0 |
| 008 - FIXED-LENGTH DATA ELEMENTS--GENERAL INFORMATION | |
| fixed length control field | 200211s2016 ck ||||er|||| 00| p spa d |
| 020 ## - INTERNATIONAL STANDARD BOOK NUMBER | |
| International Standard Book Number | 9789587724622 |
| 040 ## - CATALOGING SOURCE | |
| Original cataloging agency | CO-JMCR |
| Transcribing agency | CO-JMCR |
| 041 0# - LANGUAGE CODE | |
| Language code of text/sound track or separate title | spa |
| 082 ## - DEWEY DECIMAL CLASSIFICATION NUMBER | |
| Classification number | A-P |
| Item number | MUNd |
| 100 1# - MAIN ENTRY--PERSONAL NAME | |
| Personal name | Munárriz, Jesús, |
| Relator term | autor |
| 9 (RLIN) | 380 |
| 245 10 - TITLE STATEMENT | |
| Title | De acá y de allá : |
| Remainder of title | antología / |
| Statement of responsibility, etc. | Jesús Munárriz |
| 250 ## - EDITION STATEMENT | |
| Edition statement | Primera edición |
| 260 ## - PUBLICATION, DISTRIBUTION, ETC. | |
| Place of publication, distribution, etc. | Bogotá : |
| Name of publisher, distributor, etc. | Universidad Externado de Colombia, |
| Date of publication, distribution, etc. | 2016 |
| 300 ## - PHYSICAL DESCRIPTION | |
| Extent | 71 páginas ; |
| Dimensions | 15 cm. |
| 490 0# - SERIES STATEMENT | |
| Series statement | Un libro por centavo ; |
| Volume/sequential designation | N° 122 |
| 500 ## - GENERAL NOTE | |
| General note | Incluye datos biográficos del autor. |
| 520 ## - SUMMARY, ETC. | |
| Summary, etc. | Quizás no sea posible explicar, dentro de su generación, el itinerario de Jesús Munárriz, sus miradas a lo real, su trazado a lo irónico de escenas contemporáneas, la cotidianeidad de sus confesiones amorosas, su gusto por algunas estructuras brechtianas, sin recordar al joven que esgrimió una guitarra para criticar no solo la mezquina política de la dictadura, sino también sus convenciones sociales y la acartonada hipocresía de sus costumbres. |
| 650 14 - SUBJECT ADDED ENTRY--TOPICAL TERM | |
| Topical term or geographic name entry element | Poesía española |
| 9 (RLIN) | 381 |
| 650 14 - SUBJECT ADDED ENTRY--TOPICAL TERM | |
| Topical term or geographic name entry element | Mente y cuerpo |
| General subdivision | poesías |
| 9 (RLIN) | 382 |
| 650 14 - SUBJECT ADDED ENTRY--TOPICAL TERM | |
| General subdivision | poesías |
| 9 (RLIN) | 383 |
| 650 14 - SUBJECT ADDED ENTRY--TOPICAL TERM | |
| Topical term or geographic name entry element | Belleza personal |
| General subdivision | poesías |
| 9 (RLIN) | 384 |
| 942 ## - ADDED ENTRY ELEMENTS (KOHA) | |
| Source of classification or shelving scheme | Dewey Decimal Classification |
| Koha item type | Books |
| Withdrawn status | Lost status | Source of classification or shelving scheme | Damaged status | Not for loan | Collection code | Home library | Current library | Shelving location | Date acquired | Source of acquisition | Cost, normal purchase price | Total Checkouts | Full call number | Barcode | Date last seen | Copy number | Price effective from | Koha item type |
|---|---|---|---|---|---|---|---|---|---|---|---|---|---|---|---|---|---|---|
| Dewey Decimal Classification | Fiction | Biblioteca Pública José María del Castillo y Rada | Biblioteca Pública José María del Castillo y Rada | Processing Center | 12/27/2019 | Donación | 0.00 | A-P MUNd | 201809873 | 02/11/2020 | Ej.1 | 02/11/2020 | Books |